01033nam a22002057a 4500003000800000008004100008037000800049040003000057080001200087100002800099245020600127260008300333300002300416502016400439650005700603650006900660655002100729700002900750710004800779BI-BuBU260603b2025 bd fr|||| 000 0 fre d bdon aBI-BuBUcBI-BuBUdBI-BuBU 2347.7521 4aut.aArakaza ,Aristide10aImpact de la liberaion des Echanges commerciaux et des investissements directs etrangers sur la croissance Economique en Afrique subsaharienne (2000-2023)cAristide Arakaza; Gilbert Niyongabo,directeur aBujumburabUniversité du Burundi, Faculté des Sciences et de Gestionc2025 aXIII-90 f.c30 cm. aMémoire présenté et Défendu publiquement en vue d'obtention du diplôme de master en Analyse Economique et Développement Option : Analyse Economique 72BI-BuBUbEchanges Commerciauxxcroissance Economique 72BI-BuBUaInvestissement direct étrangerxcroissance Economique 72BI-BuBUamemoire1 4dir.aNiyongabo,Gilbert  4aut.a Faculté des Sciences et de Gestion